<?xml version="1.0" encoding="UTF-8"?>
<resp>
  <nextPage>https://data.bn.org.pl/api/networks/bibs.marcxml?marc=001+b00001150003560&amp;sinceId=1150003561</nextPage>
  <collection>
    <record xmlns='http://www.loc.gov/MARC21/slim'><leader>01026namZa2200325ZiZ4500</leader><controlfield tag='001'>b00001150003560</controlfield><controlfield tag='005'>20260402111628.2</controlfield><controlfield tag='008'>230609s        pl           |000 0 pol c</controlfield><controlfield tag='009'>9913262075905606</controlfield><datafield ind1=' ' ind2=' ' tag='020'><subfield code='a'>8374691603</subfield></datafield><datafield ind1=' ' ind2=' ' tag='035'><subfield code='a'>KR_1KR_1_20120318002128025056-48omnis_kr</subfield></datafield><datafield ind1=' ' ind2=' ' tag='035'><subfield code='a'>KR_1_20120318002128025056</subfield><subfield code='9'>ExL</subfield></datafield><datafield ind1=' ' ind2=' ' tag='035'><subfield code='a'>(PL)b00001150003560</subfield></datafield><datafield ind1=' ' ind2=' ' tag='040'><subfield code='a'>KR_1</subfield><subfield code='c'>KR_1</subfield></datafield><datafield ind1='1' ind2=' ' tag='041'><subfield code='a'>pol</subfield><subfield code='h'>eng</subfield></datafield><datafield ind1='1' ind2=' ' tag='100'><subfield code='a'>Sisman, Robyn</subfield></datafield><datafield ind1='1' ind2='0' tag='245'><subfield code='a'>Weekend w Paryżu /</subfield><subfield code='c'>Robyn Sisman ; przeł. Agnieszka Barbara Ciepłowska.</subfield></datafield><datafield ind1=' ' ind2=' ' tag='260'><subfield code='a'>W-wa :</subfield><subfield code='b'>Prószyński i S-ka,</subfield><subfield code='c'>cop. 2004.</subfield></datafield><datafield ind1=' ' ind2=' ' tag='300'><subfield code='a'>272 s. ;</subfield><subfield code='c'>21 cm.</subfield></datafield><datafield ind1='1' ind2=' ' tag='490'><subfield code='a'>Biblioteczka pod Różą</subfield></datafield><datafield ind1=' ' ind2=' ' tag='500'><subfield code='a'>p</subfield></datafield><datafield ind1=' ' ind2='9' tag='650'><subfield code='a'>Powieść amerykańska</subfield><subfield code='y'>21 w.</subfield></datafield><datafield ind1='1' ind2=' ' tag='700'><subfield code='a'>Ciepłowska, Agnieszka</subfield><subfield code='e'>Tł.</subfield></datafield><datafield ind1=' ' ind2=' ' tag='852'><subfield code='b'>48OMNIS_NETWORK</subfield><subfield code='8'>9913262075905606</subfield></datafield><datafield ind1=' ' ind2=' ' tag='852'><subfield code='b'>48OMNIS_KBP</subfield><subfield code='8'>990003131840108412</subfield></datafield><datafield ind1=' ' ind2=' ' tag='852'><subfield code='8'>22758427130008412</subfield><subfield code='j'>1</subfield><subfield code='b'>09</subfield><subfield code='p'>12361915</subfield><subfield code='c'>09WYP</subfield></datafield><datafield ind1=' ' ind2=' ' tag='920'><subfield code='a'>83-7469-160-3</subfield></datafield></record>
  </collection>
</resp>
